Chaîne de mots - Je - 3 - Statistiques

Statistiques générales
  • Ce quiz a été pris 42 fois
  • Le résultat moyen est 3 sur 20
Statistiques - réponses
Hint Réponse % Correct
A. Je suis capable de voir dans le noir plus facilement que la moyenne des êtres humains. Je suis... Nyctalope
65%
N. Je suis l'inspiratrice, par exemple, d'un artiste. Je suis... Egérie
45%
N. Je suis soit une gourmandise soit un élément essentielle dans la construction d'un toit. Je suis... Tuile
38%
N. Je suis un génie dans la mythologie scandinave. Je suis... Elfe
35%
N. Je suis une vaste surface de dunes dans le Sahara. Je suis... Erg
30%
N. J'ai de grandes connaissances sur un ou plusieurs sujets. Je suis... Erudit
23%
N. Je suis un art permettant de convaincre. Je suis... Eloquence
13%
N. J'humidifie les biloutes. Je suis... Drache
10%
N. Je suis un cheval qui a peu de chance de gagner. Je suis... Tocard
10%
A. Je n'existe plus sur le tableau d'école à cause du tampon. Je suis... Effacé
8%
A. Je n'ai pas mangé suffisamment depuis trop longtemps. Je suis... Emacié
8%
N. Je suis une imitation sans valeur. Je suis... Ersatz
8%
N. Je suis la définition de l'absence de victoire et de défaite. Je suis... (2 mots) Ex aequo
8%
N. Je me trouve dans un laminoir ou bien dans un bar. Je suis... Zinc
8%
N, Je suis un champignon dont le nom se rapproche de celui d'un agrume. Je suis... Oronge
5%
N. Je désigne une chute. Mais pas celle d'un gouvernant. Je suis... Alopécie
3%
N. Je peux rafraîchir celui qui me boit. Je suis... Cola
3%
N. Je désigne une promenade de chiens. En vènerie. Je suis... Ebat
3%
A. Je suis maladroit. Je suis... Goffe
3%
N. Je suis un instrument important pour les chirurgiens et les amoureux des huîtres. Je suis... Trocart
3%
Aucun quiz correspondant
Distribution des résultats
% des personnes avec chaque résultat
Percentile par nombre de réponses
Votre historique - résultats
Vous n’avez pas pris ce quiz